[Event "SV Ibbenbüren 1 - SC Rochade Emsdetten"]
[Site "Verbandsliga, Gr. 1 2022/2023"]
[Date "2022.11.12"]
[Round "3.1"]
[White "Gerighausen, Karl Heinz"]
[Black "Langer, Ralf"]
[Result "1/2-1/2"]
[WhiteElo "1680"]
[BlackElo "1806"]
[PlyCount "31"]
[EventDate "2022.??.??"]
[SourceTitle "Verband Muensterland"]
[SourceDate "2022.09.23"]
[SourceVersion "1"]
[SourceVersionDate "2022.09.23"]
[SourceQuality "1"]
[WhiteTeam "SC Rochade Emsdetten 2"]
[BlackTeam "SV Ibbenbüren 1"]

1. d4 c5 2. d5 Nf6 3. Nc3 g6 4. e4 d6 5. Nf3 Bg7 6. h3 O-O 7. Bd3 a6 8. a4 Nbd7
9. O-O Qc7 10. Qe2 b6 11. Bf4 Bb7 12. Rfe1 Rfc8 13. Bc4 Re8 14. Rad1 Nh5 15.
Bh2 Ne5 16. Nxe5 1/2-1/2

[Event "SV Ibbenbüren 1 - SC Rochade Emsdetten"]
[Site "Verbandsliga, Gr. 1 2022/2023"]
[Date "2022.11.12"]
[Round "3.2"]
[White "Kellmann, Dominik"]
[Black "Luecke, Thomas"]
[Result "1/2-1/2"]
[WhiteElo "1712"]
[BlackElo "1872"]
[PlyCount "53"]
[EventDate "2022.??.??"]
[SourceTitle "Verband Muensterland"]
[SourceDate "2022.09.23"]
[SourceVersion "1"]
[SourceVersionDate "2022.09.23"]
[SourceQuality "1"]
[WhiteTeam "SV Ibbenbüren 1"]
[BlackTeam "SC Rochade Emsdetten 2"]

1. e4 c6 2. Nf3 d5 3. exd5 cxd5 4. d4 Nf6 5. Ne5 a6 6. Nd2 Nc6 7. c3 Bf5 8. g4
Be6 9. Be2 g6 10. Nf1 Nxe5 11. dxe5 Nd7 12. f4 Nb6 13. Ng3 Bd7 14. Be3 Bc6 15.
e6 Bg7 16. exf7+ Kxf7 17. O-O Rf8 18. Qb3 Nd7 19. Ne4 h6 20. f5 Kg8 21. Rad1
gxf5 22. gxf5 Kh8 23. Ng3 Rg8 24. Qb4 Qf8 25. c4 Nf6 26. Bc5 Re8 27. Bf3
1/2-1/2

[Event "SV Ibbenbüren 1 - SC Rochade Emsdetten"]
[Site "Verbandsliga, Gr. 1 2022/2023"]
[Date "2022.11.12"]
[Round "3.3"]
[White "Noering, Andreas"]
[Black "Klausmeier, Achim"]
[Result "1/2-1/2"]
[WhiteElo "1795"]
[BlackElo "1633"]
[PlyCount "55"]
[EventDate "2022.??.??"]
[SourceTitle "Verband Muensterland"]
[SourceDate "2022.09.23"]
[SourceVersion "1"]
[SourceVersionDate "2022.09.23"]
[SourceQuality "1"]
[WhiteTeam "SC Rochade Emsdetten 2"]
[BlackTeam "SV Ibbenbüren 1"]

1. e4 d5 2. exd5 Qxd5 3. Nc3 Qd8 4. Nf3 Bg4 5. Be2 Nf6 6. d3 e6 7. Bf4 c6 8. h3
Bxf3 9. Bxf3 Bd6 10. Bxd6 Qxd6 11. O-O O-O 12. Ne4 Qe7 13. Nxf6+ Qxf6 14. c3
Nd7 15. Qc2 Rfd8 16. d4 Nf8 17. Be4 g6 18. Rad1 Qe7 19. Rfe1 Qc7 20. Bf3 Nd7
21. Qc1 Kg7 22. Re4 Rh8 23. Rh4 Qd8 24. Qh6+ Kg8 25. Re4 Nf6 26. Re5 Nd7 27.
Re2 Qf6 28. Qe3 1/2-1/2

[Event "SV Ibbenbüren 1 - SC Rochade Emsdetten"]
[Site "Verbandsliga, Gr. 1 2022/2023"]
[Date "2022.11.12"]
[Round "3.4"]
[White "Sivakumaran, Methunraj"]
[Black "Colmer, Willi"]
[Result "0-1"]
[WhiteElo "1559"]
[BlackElo "1761"]
[PlyCount "80"]
[EventDate "2022.??.??"]
[SourceTitle "Verband Muensterland"]
[SourceDate "2022.09.23"]
[SourceVersion "1"]
[SourceVersionDate "2022.09.23"]
[SourceQuality "1"]
[WhiteTeam "SV Ibbenbüren 1"]
[BlackTeam "SC Rochade Emsdetten 2"]

1. e4 c5 2. d4 cxd4 3. c3 dxc3 4. Nxc3 Nc6 5. Nf3 d6 6. Bc4 a6 7. O-O Nf6 8. e5
dxe5 9. Qxd8+ Nxd8 10. Nxe5 e6 11. Rd1 Be7 12. Be3 b5 13. Nxb5 axb5 14. Bxb5+
Kf8 15. Rac1 Nd5 16. Bd4 f6 17. Nc6 Kf7 18. Nxe7 Kxe7 19. Bc5+ Kf7 20. Bd6 Ba6
21. Bxa6 Rxa6 22. Ba3 Nc6 23. Rc5 Rb8 24. g3 Ncb4 25. f4 f5 26. Rd4 Ra7 27. Kf2
Nxa2 28. Rcc4 Nac3 29. Ke1 Nb5 30. Ra4 Rxa4 31. Rxa4 Nxa3 32. bxa3 Rb2 33. Ra7+
Kf6 34. a4 Rxh2 35. a5 Rg2 36. a6 Rxg3 37. Ra8 Kg6 38. a7 Ra3 39. Re8 Nc7 40.
a8=Q Rxa8 0-1

[Event "SV Ibbenbüren 1 - SC Rochade Emsdetten"]
[Site "Verbandsliga, Gr. 1 2022/2023"]
[Date "2022.11.12"]
[Round "3.5"]
[White "Schulte, Ralf"]
[Black "Werremeyer, Achim"]
[Result "1/2-1/2"]
[WhiteElo "1769"]
[BlackElo "1711"]
[PlyCount "120"]
[EventDate "2022.??.??"]
[SourceTitle "Verband Muensterland"]
[SourceDate "2022.09.23"]
[SourceVersion "1"]
[SourceVersionDate "2022.09.23"]
[SourceQuality "1"]
[WhiteTeam "SC Rochade Emsdetten 2"]
[BlackTeam "SV Ibbenbüren 1"]

1. d4 Nf6 2. Nf3 d5 3. c4 e6 4. Nc3 c6 5. Bg5 Nbd7 6. e3 Qa5 7. Bxf6 Nxf6 8.
Bd3 Bb4 9. Qb3 O-O 10. O-O Be7 11. Rfe1 Qb6 12. Qc2 Qc7 13. Rac1 a6 14. Qb3 Rb8
15. cxd5 exd5 16. Nxd5 Nxd5 17. Qxd5 cxd5 18. Rxc7 Bd6 19. Rc2 Bd7 20. Rec1
Rbc8 21. Rxc8 Rxc8 22. Rxc8+ Bxc8 23. Nd2 f5 24. g3 Kf7 25. Nb3 b6 26. Kf1 Kf6
27. Ke2 g5 28. Kf3 h6 29. Nc1 a5 30. Ne2 Bd7 31. Nc3 Bc6 32. a3 Ke6 33. Bb5 Bb7
34. h3 Bc7 35. Ba4 Ba6 36. Bb3 Bb7 37. e4 fxe4+ 38. Nxe4 Ke7 39. Nc3 Ke6 40.
Kg4 Kf6 41. Nxd5+ Bxd5 42. Bxd5 Bd8 43. f4 Kg7 44. Kf5 Bf6 45. Ke4 gxf4 46.
gxf4 Bh4 47. b4 axb4 48. axb4 Be1 49. b5 Kf6 50. Bb7 Bb4 51. Bc8 Bd6 52. f5 Bg3
53. Kf3 Bd6 54. Kg4 Ba3 55. Kh5 Bc1 56. Be6 Be3 57. d5 Bf4 58. d6 Bxd6 59. Kxh6
Bg3 60. h4 Bxh4 1/2-1/2

[Event "SV Ibbenbüren 1 - SC Rochade Emsdetten"]
[Site "Verbandsliga, Gr. 1 2022/2023"]
[Date "2022.11.12"]
[Round "3.6"]
[White "Huil, Herbert"]
[Black "Hussein, Zaman"]
[Result "0-1"]
[WhiteElo "1401"]
[BlackElo "1674"]
[PlyCount "110"]
[EventDate "2022.??.??"]
[SourceTitle "Verband Muensterland"]
[SourceDate "2022.09.23"]
[SourceVersion "1"]
[SourceVersionDate "2022.09.23"]
[SourceQuality "1"]
[WhiteTeam "SV Ibbenbüren 1"]
[BlackTeam "SC Rochade Emsdetten 2"]

1. Nf3 d5 2. d4 Bf5 3. c4 e6 4. e3 Nf6 5. Nc3 c6 6. Be2 Be7 7. O-O O-O 8. Nh4
Bg4 9. Bxg4 Nxg4 10. Qxg4 Bxh4 11. cxd5 exd5 12. b3 Bf6 13. Bb2 g6 14. Rad1 Bg7
15. e4 dxe4 16. Qxe4 Re8 17. Qd3 Na6 18. g3 Nb4 19. Qd2 Nd5 20. Nxd5 Qxd5 21.
Rfe1 Rxe1+ 22. Rxe1 Rd8 23. Rd1 c5 24. Qa5 Bxd4 25. Bxd4 cxd4 26. Qxd5 Rxd5 27.
f4 Kf8 28. Kf2 Ke7 29. Kf3 f5 30. Ke2 Kd6 31. b4 Kc6 32. Kd3 Kb5 33. a3 Ka4 34.
Rc1 Rd8 35. Rc5 b6 36. Re5 Kxa3 37. b5 Kb4 38. h3 Ka5 39. g4 fxg4 40. hxg4 a6
41. bxa6+ Kxa6 42. f5 gxf5 43. gxf5 b5 44. f6 Rf8 45. Re6+ Ka5 46. Kxd4 b4 47.
Kc4 Rc8+ 48. Kd5 b3 49. Re7 b2 50. f7 b1=Q 51. f8=Q Qd3+ 52. Ke6 Qe4+ 53. Kf7
Rxf8+ 54. Kxf8 Qxe7+ 55. Kxe7 h5 0-1

[Event "SV Ibbenbüren 1 - SC Rochade Emsdetten"]
[Site "Verbandsliga, Gr. 1 2022/2023"]
[Date "2022.11.12"]
[Round "3.7"]
[White "Siebald, Joerg"]
[Black "Koczy, Willibald"]
[Result "1-0"]
[WhiteElo "1727"]
[BlackElo "1437"]
[PlyCount "115"]
[EventDate "2022.??.??"]
[SourceTitle "Verband Muensterland"]
[SourceDate "2022.09.23"]
[SourceVersion "1"]
[SourceVersionDate "2022.09.23"]
[SourceQuality "1"]
[WhiteTeam "SC Rochade Emsdetten 2"]
[BlackTeam "SV Ibbenbüren 1"]

1. e4 c5 2. Nf3 d6 3. d4 cxd4 4. c3 dxc3 5. Nxc3 Nf6 6. Bc4 e6 7. O-O Be7 8.
Qe2 a6 9. Rd1 Nbd7 10. Bf4 b5 11. Bb3 e5 12. Nxe5 dxe5 13. Bxe5 O-O 14. Nd5 Bb7
15. Nxf6+ Bxf6 16. Bxf6 Qe8 17. Bc3 Kh8 18. Bxg7+ Kxg7 19. Qg4+ Kh8 20. Qxd7
Qxe4 21. Qd4+ Qxd4 22. Rxd4 Bc8 23. Rad1 Bf5 24. g4 Be6 25. Bxe6 fxe6 26. Rd7
Rf4 27. h3 Raf8 28. R1d2 e5 29. Re7 Rd4 30. Rc2 Rc4 31. Rxc4 bxc4 32. Rxe5 Rc8
33. Re3 Rd8 34. Re2 Rd1+ 35. Kg2 Ra1 36. a3 Ra2 37. Kf3 c3 38. bxc3 Rxa3 39.
Rc2 a5 40. Ke4 a4 41. Kd5 Rb3 42. Kc4 Rb8 43. Ra2 Rf8 44. Kb4 Rf3 45. c4 Rxh3
46. Kxa4 Rf3 47. Kb5 Rf4 48. f3 Rxf3 49. Rg2 Kg7 50. c5 Rb3+ 51. Kc6 Kg6 52.
Kc7 Kf6 53. c6 Ke6 54. Re2+ Kd5 55. Kd7 Kc5 56. Rc2+ Kb6 57. c7 Rd3+ 58. Ke7
1-0

[Event "Schach Nienberge 2 - SC Klein-Berlin Rh"]
[Site "Verbandsliga, Gr. 1 2022/2023"]
[Date "2022.11.12"]
[Round "3.1"]
[White "Tukmans, Maigonis"]
[Black "Althoff, Franz"]
[Result "1/2-1/2"]
[WhiteElo "1951"]
[BlackElo "1969"]
[PlyCount "82"]
[EventDate "2022.??.??"]
[SourceTitle "Verband Muensterland"]
[SourceDate "2022.09.23"]
[SourceVersion "1"]
[SourceVersionDate "2022.09.23"]
[SourceQuality "1"]
[WhiteTeam "SC Klein-Berlin Rheine 2"]
[BlackTeam "Schach Nienberge 2"]

1. e4 c5 2. Nf3 Nc6 3. d4 cxd4 4. Nxd4 Nf6 5. Nc3 d6 6. f3 e6 7. Be3 Be7 8. Qd2
O-O 9. O-O-O a6 10. g4 Bd7 11. h4 b5 12. h5 b4 13. Nce2 Ne5 14. g5 Ne8 15. Ng3
Bb5 16. Kb1 Bxf1 17. Nxf1 Nc4 18. Qe2 Nxe3 19. Nc6 Qc7 20. Nxe7+ Qxe7 21. Qxe3
Nc7 22. Ng3 Rfd8 23. f4 d5 24. e5 Nb5 25. Ne2 Qb7 26. Ka1 d4 27. Qd3 Rd5 28.
Rdg1 Rc8 29. g6 fxg6 30. hxg6 h6 31. f5 exf5 32. Qxf5 Qd7 33. Qe4 Re8 34. Rh5
Qe6 35. Qf3 Rxe5 36. Rxe5 Qxe5 37. Qf7+ Kh8 38. Rf1 Rg8 39. Rh1 Qg5 40. Rf1 Qe3
41. Nf4 Qe8 1/2-1/2

[Event "Schach Nienberge 2 - SC Klein-Berlin Rh"]
[Site "Verbandsliga, Gr. 1 2022/2023"]
[Date "2022.11.12"]
[Round "3.3"]
[White "Hemmert, Michael"]
[Black "Hagemann, Lars"]
[Result "1/2-1/2"]
[WhiteElo "1765"]
[BlackElo "1702"]
[PlyCount "81"]
[EventDate "2022.??.??"]
[SourceTitle "Verband Muensterland"]
[SourceDate "2022.09.23"]
[SourceVersion "1"]
[SourceVersionDate "2022.09.23"]
[SourceQuality "1"]
[WhiteTeam "SC Klein-Berlin Rheine 2"]
[BlackTeam "Schach Nienberge 2"]

1. d4 d5 2. Bf4 Nf6 3. Nf3 c5 4. e3 Nc6 5. c4 cxd4 6. Nxd4 e6 7. a3 a6 8. Nc3
Bd6 9. cxd5 exd5 10. Bg3 O-O 11. Be2 Re8 12. O-O Bxg3 13. hxg3 Ne5 14. Nf3 b5
15. Qd4 Nc6 16. Qc5 Bb7 17. Rfd1 Qe7 18. Qxe7 Nxe7 19. Nd4 Ng6 20. Nf5 Red8 21.
Bf3 Kf8 22. Rd4 Ne5 23. g4 g6 24. Ng3 Nxf3+ 25. gxf3 Rac8 26. g5 Ne8 27. Rad1
Nc7 28. f4 Ne6 29. R4d2 d4 30. Nce2 dxe3 31. fxe3 Rxd2 32. Rxd2 Ke7 33. Nc3 Rd8
34. Rxd8 Kxd8 35. Nge4 Ke7 36. Kf2 Bc6 37. b4 Bb7 38. Ke2 Bc6 39. Kd3 Bb7 40.
Kd2 Bc6 41. Kd3 1/2-1/2

[Event "Schach Nienberge 2 - SC Klein-Berlin Rh"]
[Site "Verbandsliga, Gr. 1 2022/2023"]
[Date "2022.11.12"]
[Round "3.4"]
[White "Nuerenberg, Bernd"]
[Black "Horstmann, Michael"]
[Result "1/2-1/2"]
[WhiteElo "1706"]
[BlackElo "1729"]
[PlyCount "47"]
[EventDate "2022.??.??"]
[SourceTitle "Verband Muensterland"]
[SourceDate "2022.09.23"]
[SourceVersion "1"]
[SourceVersionDate "2022.09.23"]
[SourceQuality "1"]
[WhiteTeam "Schach Nienberge 2"]
[BlackTeam "SC Klein-Berlin Rheine 2"]

1. d4 Nf6 2. c4 Nc6 3. Nc3 e5 4. d5 Ne7 5. e4 Ng6 6. a3 Bc5 7. h3 d6 8. g3 Bd7
9. Bg2 a6 10. b4 Ba7 11. Qd3 O-O 12. Be3 Bxe3 13. Qxe3 Nh5 14. Bf3 Nf6 15. Nge2
Ne8 16. g4 Nh4 17. Ng3 g6 18. O-O-O Nxf3 19. Qxf3 Qg5+ 20. Qe3 Qxe3+ 21. fxe3
Ng7 22. Rdf1 b5 23. c5 Rfb8 24. c6 1/2-1/2

[Event "Schach Nienberge 2 - SC Klein-Berlin Rh"]
[Site "Verbandsliga, Gr. 1 2022/2023"]
[Date "2022.11.12"]
[Round "3.5"]
[White "Miethe, Christoph"]
[Black "Scharlow, Siegmar"]
[Result "1/2-1/2"]
[WhiteElo "1731"]
[BlackElo "1681"]
[PlyCount "40"]
[EventDate "2022.??.??"]
[SourceTitle "Verband Muensterland"]
[SourceDate "2022.09.23"]
[SourceVersion "1"]
[SourceVersionDate "2022.09.23"]
[SourceQuality "1"]
[WhiteTeam "SC Klein-Berlin Rheine 2"]
[BlackTeam "Schach Nienberge 2"]

1. e4 c5 2. c3 Nf6 3. e5 Nd5 4. d4 cxd4 5. cxd4 Nc6 6. Nf3 d6 7. Be2 dxe5 8.
dxe5 g6 9. O-O Bg7 10. Bb5 O-O 11. Bxc6 bxc6 12. h3 Qc7 13. Re1 Rd8 14. Qe2 a5
15. a3 Ba6 16. Qc2 e6 17. Bg5 Rd7 18. Nc3 h6 19. Nxd5 cxd5 20. Qxc7 Rxc7
1/2-1/2

[Event "Schach Nienberge 2 - SC Klein-Berlin Rh"]
[Site "Verbandsliga, Gr. 1 2022/2023"]
[Date "2022.11.12"]
[Round "3.6"]
[White "Bartelheimer, Maik"]
[Black "Brinkmann, Franz Josef"]
[Result "1/2-1/2"]
[WhiteElo "1634"]
[BlackElo "1769"]
[PlyCount "42"]
[EventDate "2022.??.??"]
[SourceTitle "Verband Muensterland"]
[SourceDate "2022.09.23"]
[SourceVersion "1"]
[SourceVersionDate "2022.09.23"]
[SourceQuality "1"]
[WhiteTeam "Schach Nienberge 2"]
[BlackTeam "SC Klein-Berlin Rheine 2"]

1. e4 c5 2. Nc3 Nc6 3. g3 Nf6 4. Bg2 d6 5. d3 e6 6. Be3 Be7 7. Nge2 a6 8. a4 e5
9. O-O Nd4 10. f4 Ng4 11. Bd2 O-O 12. Nd5 Rb8 13. c3 Nc6 14. fxe5 dxe5 15. h3
Nf6 16. Nxf6+ Bxf6 17. Be3 b6 18. Qd2 Be6 19. Rad1 Bb3 20. Ra1 Be6 21. Rad1 Bb3
1/2-1/2

[Event "Schach Nienberge 2 - SC Klein-Berlin Rh"]
[Site "Verbandsliga, Gr. 1 2022/2023"]
[Date "2022.11.12"]
[Round "3.7"]
[White "Pohlmeier, Ulrich"]
[Black "Ballmann, Juergen"]
[Result "1-0"]
[WhiteElo "1620"]
[BlackElo "1664"]
[PlyCount "71"]
[EventDate "2022.??.??"]
[SourceTitle "Verband Muensterland"]
[SourceDate "2022.09.23"]
[SourceVersion "1"]
[SourceVersionDate "2022.09.23"]
[SourceQuality "1"]
[WhiteTeam "SC Klein-Berlin Rheine 2"]
[BlackTeam "Schach Nienberge 2"]

1. d4 Nf6 2. c4 g6 3. g3 Bg7 4. Bg2 O-O 5. e4 d6 6. Ne2 Nbd7 7. O-O c6 8. Nbc3
e5 9. d5 cxd5 10. cxd5 b6 11. b4 a5 12. b5 Nc5 13. f3 Ne8 14. Na4 Nxa4 15. Qxa4
Bd7 16. Qb3 f5 17. a4 fxe4 18. fxe4 Rxf1+ 19. Kxf1 Bg4 20. Ng1 Ra7 21. h3 Rf7+
22. Ke1 Bd7 23. Ra3 Bc8 24. Qe3 Rc7 25. Rc3 Rxc3 26. Qxc3 Qc7 27. Qc6 Bd7 28.
Qxc7 Nxc7 29. Be3 Na8 30. Nf3 h6 31. Nd2 Bxb5 32. axb5 a4 33. Nc4 Nc7 34. Na3
Na8 35. Kd2 Kf7 36. Kc3 1-0

[Event "Schach Nienberge 2 - SC Klein-Berlin Rh"]
[Site "Verbandsliga, Gr. 1 2022/2023"]
[Date "2022.11.12"]
[Round "3.8"]
[White "Joergensmann, Rolf"]
[Black "Winter, Reinhold"]
[Result "1/2-1/2"]
[WhiteElo "1611"]
[BlackElo "1646"]
[PlyCount "46"]
[EventDate "2022.??.??"]
[SourceTitle "Verband Muensterland"]
[SourceDate "2022.09.23"]
[SourceVersion "1"]
[SourceVersionDate "2022.09.23"]
[SourceQuality "1"]
[WhiteTeam "Schach Nienberge 2"]
[BlackTeam "SC Klein-Berlin Rheine 2"]

1. e4 c6 2. c4 d5 3. cxd5 cxd5 4. exd5 Qxd5 5. Nc3 Qd8 6. d4 e6 7. Nf3 Nf6 8.
Bb5+ Bd7 9. Bxd7+ Nbxd7 10. O-O Be7 11. d5 exd5 12. Nxd5 O-O 13. Nxe7+ Qxe7 14.
Bg5 Qb4 15. Qd4 Qxd4 16. Nxd4 h6 17. Bxf6 Nxf6 18. h3 Rfd8 19. Nf3 Rd6 20. Rfd1
Rad8 21. Rxd6 Rxd6 22. Rc1 Rd7 23. Rc8+ Kh7 1/2-1/2

[Event "SF Beelen 1 - SK Königsspringer Nordwa"]
[Site "Verbandsliga, Gr. 1 2022/2023"]
[Date "2022.11.12"]
[Round "3.1"]
[White "Sandmann, Matthias"]
[Black "Hofene, Dieter"]
[Result "0-1"]
[WhiteElo "1777"]
[BlackElo "1978"]
[PlyCount "72"]
[EventDate "2022.??.??"]
[SourceTitle "Verband Muensterland"]
[SourceDate "2022.09.23"]
[SourceVersion "1"]
[SourceVersionDate "2022.09.23"]
[SourceQuality "1"]
[WhiteTeam "SK Königsspringer Nordwalde 1"]
[BlackTeam "SF Beelen 1"]

1. d4 Nf6 2. Bg5 c5 3. Nf3 Ne4 4. c3 Nxg5 5. Nxg5 e6 6. f4 b6 7. Nd2 Bb7 8. e4
cxd4 9. cxd4 Be7 10. Ngf3 O-O 11. Bd3 d6 12. O-O Nc6 13. a3 Rc8 14. Qe2 Qc7 15.
Rac1 Qb8 16. d5 Nd8 17. Nd4 g6 18. dxe6 fxe6 19. Bc4 d5 20. exd5 Bc5 21. dxe6
Bxd4+ 22. Kh1 Re8 23. e7+ Nf7 24. Qe6 Rxc4 25. Qxc4 Bf6 26. f5 Qd6 27. fxg6
hxg6 28. Ne4 Bxe4 29. Qxe4 Ne5 30. Qf4 Bxe7 31. Rfe1 Bf8 32. Re4 Bg7 33. Rce1
Rf8 34. Qg3 Qd3 35. Qxd3 Nxd3 36. Rd1 Nf2+ 0-1

[Event "SF Beelen 1 - SK Königsspringer Nordwa"]
[Site "Verbandsliga, Gr. 1 2022/2023"]
[Date "2022.11.12"]
[Round "3.3"]
[White "Kasubke, Manfred"]
[Black "Hanewinkel, Martin"]
[Result "1/2-1/2"]
[WhiteElo "1877"]
[BlackElo "1853"]
[PlyCount "70"]
[EventDate "2022.??.??"]
[SourceTitle "Verband Muensterland"]
[SourceDate "2022.09.23"]
[SourceVersion "1"]
[SourceVersionDate "2022.09.23"]
[SourceQuality "1"]
[WhiteTeam "SK Königsspringer Nordwalde 1"]
[BlackTeam "SF Beelen 1"]

1. e4 c5 2. Nf3 e6 3. d4 cxd4 4. Nxd4 a6 5. Nc3 Qc7 6. g3 Nf6 7. Bg2 Nc6 8.
Nxc6 dxc6 9. O-O e5 10. h3 Be7 11. f4 Be6 12. Qe2 Bc5+ 13. Kh1 b5 14. b3 Bd4
15. Bb2 h5 16. f5 Bd7 17. Nd1 Bxb2 18. Nxb2 c5 19. c3 Rc8 20. Qe3 c4 21. b4 Bc6
22. a4 O-O 23. axb5 axb5 24. Bf3 Ra8 25. g4 hxg4 26. hxg4 Qb7 27. Rae1 Ra2 28.
Rf2 Qa7 29. Qxa7 Rxa7 30. g5 Nh7 31. Rg1 f6 32. gxf6 Nxf6 33. Re2 Ra2 34. Rgg2
Rd8 35. Re1 Rd7 1/2-1/2

[Event "SF Beelen 1 - SK Königsspringer Nordwa"]
[Site "Verbandsliga, Gr. 1 2022/2023"]
[Date "2022.11.12"]
[Round "3.4"]
[White "Hanewinkel, Christian"]
[Black "Hols, Bernhard"]
[Result "0-1"]
[WhiteElo "1809"]
[BlackElo "1802"]
[PlyCount "182"]
[EventDate "2022.??.??"]
[SourceTitle "Verband Muensterland"]
[SourceDate "2022.09.23"]
[SourceVersion "1"]
[SourceVersionDate "2022.09.23"]
[SourceQuality "1"]
[WhiteTeam "SF Beelen 1"]
[BlackTeam "SK Königsspringer Nordwalde 1"]

1. e4 c5 2. Nf3 Nc6 3. Bb5 d6 4. h3 e5 5. d3 Nf6 6. a4 Be7 7. O-O O-O 8. c3 Qc7
9. Qe2 Na5 10. Nbd2 a6 11. Bc4 Nxc4 12. Nxc4 Be6 13. Ng5 Bxc4 14. dxc4 Qc6 15.
Re1 h6 16. Nf3 Nh7 17. Nh2 Bg5 18. b4 cxb4 19. cxb4 Rac8 20. c5 dxc5 21. b5 Qe6
22. Ba3 Be7 23. Rec1 Nf6 24. Rc4 a5 25. Rac1 b6 26. Bb2 Bd6 27. Kf1 Rfe8 28.
R1c3 Rcd8 29. g4 Bf8 30. h4 Rd4 31. f3 Red8 32. Bc1 Ne8 33. Be3 Rxc4 34. Rxc4
Qd7 35. Kf2 Qd3 36. Nf1 Be7 37. g5 hxg5 38. hxg5 g6 39. Nd2 Qa3 40. Nb1 Qd3 41.
Nd2 Qxe2+ 42. Kxe2 Kg7 43. Rc1 Nd6 44. Nc4 Nxc4 45. Rxc4 Rh8 46. Bd2 Rh2+ 47.
Ke1 Rg2 48. Bc3 Bd6 49. f4 f6 50. gxf6+ Kxf6 51. fxe5+ Bxe5 52. Bd2 g5 53. Be3
Bd6 54. Bf2 Bg3 55. Bxg3 Rxg3 56. Kf2 Rb3 57. Rc2 Ke5 58. Rd2 Kxe4 59. Rd6 Rb4
60. Rxb6 Rxa4 61. Rg6 Ra2+ 62. Ke1 Rb2 63. b6 Kf5 64. Rc6 Rb5 65. b7 Rxb7 66.
Rxc5+ Kg4 67. Rxa5 Rb2 68. Ra4+ Kh5 69. Ra5 Kh4 70. Ra4+ g4 71. Kf1 Kh3 72. Ra8
Rb1+ 73. Ke2 Kg2 74. Rf8 g3 75. Rf7 Rb2+ 76. Ke1 Rf2 77. Rh7 Rf4 78. Rg7 Re4+
79. Kd2 Rf4 80. Ke2 Rf2+ 81. Ke1 Ra2 82. Rg8 Ra4 83. Re8 Rh4 84. Rg8 Kh2 85.
Kf1 Rf4+ 86. Ke2 Kg2 87. Ke3 Rh4 88. Ke2 Rh3 89. Ke1 Kg1 90. Ke2 g2 91. Rg7 Rh2
0-1

[Event "SF Beelen 1 - SK Königsspringer Nordwa"]
[Site "Verbandsliga, Gr. 1 2022/2023"]
[Date "2022.11.12"]
[Round "3.5"]
[White "Keller, Hansjuergen"]
[Black "Austermann, Reinhold"]
[Result "1/2-1/2"]
[WhiteElo "1639"]
[BlackElo "1794"]
[PlyCount "46"]
[EventDate "2022.??.??"]
[SourceTitle "Verband Muensterland"]
[SourceDate "2022.09.23"]
[SourceVersion "1"]
[SourceVersionDate "2022.09.23"]
[SourceQuality "1"]
[WhiteTeam "SK Königsspringer Nordwalde 1"]
[BlackTeam "SF Beelen 1"]

1. d4 d5 2. Nf3 e6 3. g3 Bd6 4. Bg2 Nd7 5. O-O f5 6. c4 c6 7. b3 Ngf6 8. Bb2
Qe7 9. Nbd2 O-O 10. Ne5 Ne4 11. e3 Ndf6 12. f3 Nxd2 13. Qxd2 Bd7 14. Nxd7 Qxd7
15. Qe2 c5 16. Rad1 Rad8 17. e4 fxe4 18. fxe4 dxe4 19. Bxe4 cxd4 20. Bxd4 Nxe4
21. Qxe4 Rxf1+ 22. Rxf1 b6 23. Be3 Rf8 1/2-1/2

[Event "SF Beelen 1 - SK Königsspringer Nordwa"]
[Site "Verbandsliga, Gr. 1 2022/2023"]
[Date "2022.11.12"]
[Round "3.6"]
[White "Beckmann, Frank"]
[Black "Szych, Lothar"]
[Result "1/2-1/2"]
[WhiteElo "1715"]
[BlackElo "1508"]
[PlyCount "50"]
[EventDate "2022.??.??"]
[SourceTitle "Verband Muensterland"]
[SourceDate "2022.09.23"]
[SourceVersion "1"]
[SourceVersionDate "2022.09.23"]
[SourceQuality "1"]
[WhiteTeam "SF Beelen 1"]
[BlackTeam "SK Königsspringer Nordwalde 1"]

1. d4 Nf6 2. Nf3 d5 3. Bf4 e6 4. a3 Be7 5. e3 O-O 6. c4 c5 7. Nc3 cxd4 8. Nxd4
a6 9. Bd3 Nc6 10. Nf3 dxc4 11. Bxc4 b5 12. Bd3 Kh8 13. O-O Nh5 14. Bg3 Nxg3 15.
hxg3 Qc7 16. Qe2 Ne5 17. Rac1 Nxd3 18. Qxd3 Qd6 19. Qxd6 Bxd6 20. Ne4 Be7 21.
Rc7 Bd8 22. Rc2 Be7 23. Rfc1 Bb7 24. Rc7 Bxe4 25. Rxe7 Bxf3 1/2-1/2

[Event "SF Beelen 1 - SK Königsspringer Nordwa"]
[Site "Verbandsliga, Gr. 1 2022/2023"]
[Date "2022.11.12"]
[Round "3.7"]
[White "Schmalbrock, Andreas"]
[Black "Hofene, Josef"]
[Result "0-1"]
[WhiteElo "1461"]
[BlackElo "1750"]
[PlyCount "80"]
[EventDate "2022.??.??"]
[SourceTitle "Verband Muensterland"]
[SourceDate "2022.09.23"]
[SourceVersion "1"]
[SourceVersionDate "2022.09.23"]
[SourceQuality "1"]
[WhiteTeam "SK Königsspringer Nordwalde 1"]
[BlackTeam "SF Beelen 1"]

1. e4 c5 2. Nc3 Nc6 3. Bc4 Nf6 4. Nf3 d6 5. h3 a6 6. a4 e6 7. Ba2 Be7 8. O-O
O-O 9. d3 Rb8 10. Bf4 Qc7 11. Re1 b5 12. axb5 axb5 13. e5 dxe5 14. Nxe5 Bd6 15.
Qe2 Nd4 16. Qd1 Bb7 17. Re3 Nd5 18. Nxd5 Bxd5 19. Bg3 Nf5 20. Qe1 Nxe3 21. Qxe3
Ra8 22. c4 bxc4 23. dxc4 Bb7 24. Qe2 Ra7 25. b3 Rfa8 26. Qb2 Rxa2 27. Rxa2 Rxa2
28. Qxa2 Bxe5 29. Bxe5 Qxe5 30. Qa4 g6 31. Qa2 Qe4 32. f3 Qe3+ 33. Kh2 Qf4+ 34.
Kg1 Qg3 35. Qe2 e5 36. Qd3 e4 37. Qd8+ Kg7 38. fxe4 Qe3+ 39. Kh2 Bxe4 40. Qd6
Qg5 0-1

[Event "SF Beelen 1 - SK Königsspringer Nordwa"]
[Site "Verbandsliga, Gr. 1 2022/2023"]
[Date "2022.11.12"]
[Round "3.8"]
[White "Schemmann, Bernhard"]
[Black "Pelzer, Marius"]
[Result "1/2-1/2"]
[WhiteElo "1837"]
[BlackElo "1211"]
[PlyCount "39"]
[EventDate "2022.??.??"]
[SourceTitle "Verband Muensterland"]
[SourceDate "2022.09.23"]
[SourceVersion "1"]
[SourceVersionDate "2022.09.23"]
[SourceQuality "1"]
[WhiteTeam "SF Beelen 1"]
[BlackTeam "SK Königsspringer Nordwalde 1"]

1. d4 Nf6 2. Nf3 e6 3. g3 d5 4. Bg2 c5 5. O-O Nc6 6. c4 h6 7. cxd5 Nxd5 8. a3
Be7 9. dxc5 Bxc5 10. b4 Be7 11. Bb2 O-O 12. e4 Nb6 13. Qb3 Qc7 14. Rc1 a6 15.
a4 Qd6 16. a5 Nd7 17. b5 axb5 18. Qxb5 Qb4 19. Qxb4 Bxb4 20. a6 1/2-1/2